| 000 | 006600000a22001810004500 | ||
|---|---|---|---|
| 003 | MACL | ||
| 005 | 20160505122905.0 | ||
| 008 | 160505b xxu||||| |||| 00| 0 eng d | ||
| 040 |
_aMACL _cMACL |
||
| 041 | _aHindi | ||
| 082 | _a800 SAT | ||
| 100 |
_aसत्यप्रेमी, पुरूषोत्तम _948994 |
||
| 245 |
_aदलित साहित्य : सृजन के सदभ _cपुरूषोत्तम सत्यप्रेमी |
||
| 260 |
_bकामना प्रकाशन _c1999 _aनई दिल्ली |
||
| 350 | _a175 | ||
| 650 |
_aLiterature _955271 |
||
| 942 |
_cHIN _k800/SAT/L _2ddc |
||
| 999 |
_c12637 _d12637 |
||